Statistics for British Words Quiz #1

Click here to take the quiz!

General Stats

  • This quiz has been taken 165,863 times
    (134,055 since last reset)
  • The average score is 17 of 27

Answer Stats

BritishAmerican% Correct
FootballSoccer
98%
ChipsFries
94%
CrispsChips
91%
LooBathroom
89%
PetrolGas
88%
QueueLine
83%
FlatApartment
81%
BiscuitCookie
79%
LorryTruck
70%
FagCigarette
70%
TrainersSneakers
67%
NappyDiaper
64%
Way OutExit
63%
PissedDrunk
60%
ChemistPharmacy
59%
ZedZee
57%
BarristerLawyer
57%
Bonnet (car)Hood
56%
TaThanks
47%
Full StopPeriod
46%
WhingeComplain
42%
Jacket PotatoBaked Potato
38%
First FloorSecond Floor
38%
High StreetMain Street
37%
Silencer (car)Muffler
32%
Zebra CrossingCrosswalk
28%
DodgemsBumper Cars
27%

Score Distribution

Percentile by Number Answered

Percent of People with Each Score

Your Score History

You have not taken this quiz since the last reset